000 00644nam a22002177a 4500
003 0
005 20251104105454.0
008 240919b xxu||||| |||| 00| 0 eng d
020 _a978-81-19920-11-2
050 _aPN 4888
_b.H37 2024
100 _91
_aHart, Lelio
245 _aCitizen and comunity journalism
_cLelio Hart.
260 _aNew Delhi :
_bVenus books,
_c2024.
300 _ax, 282p.
_c24cm.
504 _aIncludes bibliographical references and index.
650 _aCitizen journalism.
650 _aCommunity journalism.
650 _aJournalism
_xSocial aspects.
650 _aMass media and community.
942 _2lcc
_cBK
999 _c366261
_d366261